00882nam a2200241 a 450000100100000000500170001000800410002702000150006804000250008304100130010808200130012110000350013424000390016924500600020826000410026830000210030949000400033050000730037070000220044383000470046595201110051299900170062300004284720240226141826.0140211s1984 sp 000 0 spa d a8475307698 aDO-SdBNPbspacBNPHU17aspaheng axxxbxxx1 aVerne, Julio,d1828-19059107310aCinq semaines en ballonlEspañol10aCinco semanas en globo /cJulio Verne ; traductor E. M. aBarcelona :bEdiciones Orbis,c1984. a281 p. ;c20 cm.1 aLa grandes novelas de aventurasv12 aIncluye referencias bibliográficas y notas al pie de las páginas12aE. M.etr.970232 0aLa grandes novelas de aventurasn12970233 001050718MOaGRbGRcCTd2014-02-11iLF1l0oxxx xxxp42847-10r2020-06-25w2020-06-25y1ZNo se presta c42336d42336